000 00446nam a22001817a 4500
003 LK-CoDNM
005 20250117121607.0
008 250116b |||||||| |||| 00| 0 eng d
040 _aLK-CoDNM
_dLK-CoDNM
_eLK-CoDNM
041 _aeng
080 _a11
_bO3
245 _a The magazine of the school of agriculture Colombo
_bVol.4 & No.6 & 7
260 _c1893
300 _b8p. ; 25 cm
650 _aScience
650 _a1893
942 _cBK
999 _c236736
_d236736